000 00905cam a2200217 4500
001 L149233
008 000000n2005 000 0 eng u
020 _a9780071589017
035 _a(Sirsi) u149233
041 0 _aeng
245 _aDictionary of architecture and construction
_h[electronic resource]
250 _a4th ed.
260 _a[S.l.]
_bMcGraw Hill Professional
_c2005
300 _aeBook
520 _aThis eBook of a reference in architecture offers coverage of architectural and construction terms. This dictionary now features nearly 25,000 definitions (including 2,800 new terms), 2,500 illustrations (including 200 new illustrations).
650 2 4 _aEBOOK
690 _aBUILDING AND CONSTRUCTION-HANDBOOKS AND REFERENCE
700 1 _aHarris, Cyril M
_eEditor
856 4 8 _uhttps://www.vlebooks.com/
_zView on VLEbooks. Logins for members only from [email protected]
942 _n0
999 _c110433
_d110433